The Uganda law reports [2016] 2 U. L. R / (Record no. 40172)
[ view plain ]
| 000 -LEADER | |
|---|---|
| fixed length control field | 01918nam a22001817a 4500 |
| 003 - CONTROL NUMBER IDENTIFIER | |
| control field | OSt |
| 005 - DATE AND TIME OF LATEST TRANSACTION | |
| control field | 20260407074143.0 |
| 008 - FIXED-LENGTH DATA ELEMENTS--GENERAL INFORMATION | |
| fixed length control field | 260407b |||||||| |||| 00| 0 eng d |
| 040 ## - CATALOGING SOURCE | |
| Original cataloging agency | LC |
| Language of cataloging | ENG |
| Transcribing agency | LC |
| Modifying agency | ABK |
| Description conventions | RDA |
| 082 ## - DEWEY DECIMAL CLASSIFICATION NUMBER | |
| Edition number | 23rd ed. |
| Classification number | 348.0496761 |
| Item number | UGA |
| 245 ## - TITLE STATEMENT | |
| Title | The Uganda law reports [2016] 2 U. L. R / |
| Statement of responsibility, etc. | Edited by Rose Kawesa Nalule |
| 260 ## - PUBLICATION, DISTRIBUTION, ETC. | |
| Place of publication, distribution, etc. | Kampala : |
| Name of publisher, distributor, etc. | Law development centre ; |
| Date of publication, distribution, etc. | c2016. |
| 300 ## - PHYSICAL DESCRIPTION | |
| Extent | xx, 356 pages ; |
| Dimensions | 24 cm. |
| 505 ## - FORMATTED CONTENTS NOTE | |
| Formatted contents note | TABLE OF CONTENTS <br/>INDEX OF CASES REPORTED.... <br/>SUBJECT MATTER INDEX... <br/>INDEX OF LEGISLATION CONSIDERED <br/>INDEX OF CASES CITED....... <br/>DIGESTS & JUDGMENTS. <br/>INDEX OF CASES REPORTED <br/>AMAMA MBABAZI VS YOWERI KAGUTA MUSEVENI AND <br/>2 OTHERS (SC)...... <br/>ANIFA KAWOOYA BAGIRANA VS JOY KAFURA KABATSI (HC)... <br/>BIGIRWA MOSES AND HAKIM KIZZA VS YOWERI K <br/>MUSEVENI (HC)......... <br/>IN THE A MATTER OF AN APPLICATION FOR LEAVE TO INTERVENE AS AMICUS CURIAE BY PROFESSOR OLOKA-ONYANGO AND 8 OTHERS (SC).. <br/>IN THE MATTER OF AN APPLICATION FOR LEAVE TO <br/>INTERVENE AS AMICUS CURIAE BY FOUNDATION FOR HUMAN RIGHTS INITIATIVE AND 7 OTHERS (SC)............ <br/>IN THE MATTER OF AN APPLICATION FOR GUARDIANSHIP <br/>OF ITHUNGU ROLIVIN AND MBAMBU ROSELINE (CHILDREN) BY THE APPELLANTS-GRAEME CHRISTOPHER SANDELL AND BETHANY NOEL <br/>NELSON (CC)....... <br/>JOSEPH KIBUUKA AND OTHERS VS BANK OF UGANDA (HC).... <br/>KIZZA BESIGYE VS ATTORNEY GENERAL (CC)... <br/>MAGOMU HUSSEIN KAHANDI VS ELECTORAL COMMISSION <br/>AND MUMEYA SULAI (HC).. <br/>MUHUMUZA MUGIMBA MOSES VS LAW DEVELOPMENT <br/>CENTRE (HC)........... <br/>OZUU BROTHERS ENTERPRISES VS AYIKORU MILKA (HC)...... <br/>SATYA PETER CHAPA VS ATTORNEY GENERAL (CC)............ <br/>STANLEY KAKOOZA VS ATTORNEY GENERAL AND <br/>ANOTHER (HC).......... <br/>TULSA INVESTMENTS LIMITED AND KASANGAKI GEORGEOUS VS ATTORNEY GENERAL AND KCB BANK (U) LIMITED (CC)....... |
| 650 ## - SUBJECT ADDED ENTRY--TOPICAL TERM | |
| Topical term or geographic name entry element | Uganda law reports |
| 9 (RLIN) | 67647 |
| 700 ## - ADDED ENTRY--PERSONAL NAME | |
| Personal name | Nalule, Rose Kawesa |
| 9 (RLIN) | 67666 |
| 942 ## - ADDED ENTRY ELEMENTS (KOHA) | |
| Source of classification or shelving scheme | Dewey Decimal Classification |
| Koha item type | Book |
| Withdrawn status | Lost status | Source of classification or shelving scheme | Damaged status | Not for loan | Home library | Current library | Date acquired | Total Checkouts | Full call number | Barcode | Date last seen | Price effective from | Koha item type |
|---|---|---|---|---|---|---|---|---|---|---|---|---|---|
| Dewey Decimal Classification | Law Library | Law Library | 07/04/2026 | 348.0496761 UGA | 14950 | 07/04/2026 | 07/04/2026 | Book |